La Rochelle – Île de Ré Airport (La Rochelle, France) - Map - Statistics

General Stats
  • This quiz has been taken 21 times
  • The average score is 10 of 12
Answers on the Map
Answers color-coded by a green-red scale on the quiz's map according to % correct below.
 
Answer Stats
Destination % Correct
Cork
95%
Dublin
95%
London (Gatwick)
95%
London (Stansted)
95%
Manchester
95%
Marseille
95%
Lyon
89%
Nice
89%
Geneva
84%
Marrakesh
74%
Bristol
68%
Charleroi
53%
No matching quizzes found
Score Distribution
Percent of People with Each Score
Percentile by Number Answered
Your Score History
You have not taken this quiz